Central Library OPAC University of Rajshahi

Policies, decisions, and organization / (Record no. 5140)

MARC details
000 -LEADER
fixed length control field 00969cam a2200289 4500
001 - CONTROL NUMBER
control field 5140
003 - CONTROL NUMBER IDENTIFIER
rucl marc code BD-RjUL
005 - DATE AND TIME OF LATEST TRANSACTION
control field 20211208234022.0
008 - FIXED-LENGTH DATA ELEMENTS--GENERAL INFORMATION
fixed length control field 131224s1969 nyua b 001 0 eng
035 ## - SYSTEM CONTROL NUMBER
System control number (BD-RjUL)5176
040 ## - CATALOGING SOURCE
Original cataloging agency DLC
Transcribing agency DLC
Modifying agency DLC
-- BD-RjUL
Language of cataloging eng
041 ## - LANGUAGE CODE
Language code of text/sound track or separate title eng
082 00 - DEWEY DECIMAL CLASSIFICATION NUMBER
Classification number 350
Author mark and year LYP 1969
100 1# - MAIN ENTRY--PERSONAL NAME
Personal name Lyden, Fremont J.,
9 (RLIN) 16185
245 10 - TITLE STATEMENT
Title Policies, decisions, and organization /
Statement of responsibility, etc. edited by Fremont J. Lyden, George A. Shipman [and] Morton Kroll.
260 ## - PUBLICATION, DISTRIBUTION, ETC. (IMPRINT)
Place of publication, distribution, etc. New York :
Name of publisher, distributor, etc. Appleton-Century-Crofts,
Date of publication, distribution, etc. c1969.
300 ## - PHYSICAL DESCRIPTION
Pagination vii, 387 p. :
Illustrations illus. ;
Size 24 cm.
504 ## - BIBLIOGRAPHY, ETC. NOTE
Bibliography, etc Includes Index & Bibliographical footnotes.
650 #0 - SUBJECT ADDED ENTRY--TOPICAL TERM
Topical term or geographic name as entry element Public administration.
9 (RLIN) 5890
Topical term or geographic name as entry element Decision making.
9 (RLIN) 16186
Topical term or geographic name as entry element Organization.
9 (RLIN) 16187
700 1# - ADDED ENTRY--PERSONAL NAME
Personal name Shipman, George A.
Fuller form of name (George Anderson),
Dates associated with a name 1903-1982,
Relator term joint comp.
Personal name Kroll, Morton,
Relator term joint comp.
942 ## - ADDED ENTRY ELEMENTS (KOHA)
Source of classification or shelving scheme Dewey Decimal Classification
Koha item type Books
Holdings
Lost status Source of classification or shelving scheme Damaged status Not for loan Collection code Permanent Location Current Location Shelving location Date acquired Source of acquisition Cost, normal purchase price Total Checkouts Full call number Date last seen Copy number Koha item type
  Dewey Decimal Classification   Not For Loan Non-fiction Central Library, University of Rajshahi Central Library, University of Rajshahi   20/11/1970 Swets & Zetlinger 47.60   350 LYP 1969 24/12/2013 C-1 Books